| 000 | 00466nam a2200193Ia 4500 | ||
|---|---|---|---|
| 003 | LK-CoDNM | ||
| 008 | 010623t1916 xxu||||| |||| 00| 1 eng d | ||
| 040 |
_aLK-CoDNM _dLK-CoDNM _eLK-CoDNM |
||
| 041 | _aeng | ||
| 080 | _a7 L 3 | ||
| 100 | _aRao,T.A.Gopinatha | ||
| 245 | _aElemnts of Hindu Iconography | ||
| 260 |
_bThe Law Printing _aMadras _c1916 |
||
| 300 | _bXXXV,469P,112Pl., 23 cm | ||
| 650 | _aGods | ||
| 650 | _aLingas | ||
| 650 | _aSiva | ||
| 942 | _cBK | ||
| 999 |
_c88703 _d88703 |
||